Online
Catalog

Teatra... : (Record no. 10995)

MARC details
000 -CABECERA
campo de control de longitud fija 00904nam a2200265 a 4500
001 - NÚMERO DE CONTROL
campo de control 000011278
005 - FECHA Y HORA DE LA ÚLTIMA TRANSACCIÓN
campo de control 20250409122709.0
008 - DATOS DE LONGITUD FIJA--INFORMACIÓN GENERAL
campo de control de longitud fija 091015t2001 dr r 001 d spa d
020 ## - NÚMERO INTERNACIONAL ESTÁNDAR DEL LIBRO
ISBN cancelado o inválido 993483141
040 ## - FUENTE DE LA CATALOGACIÓN
Centro catalogador/agencia de origen DO-SdBNP
Lengua de catalogación spa
Centro/agencia transcriptor BNPHU
082 ## - NÚMERO DE LA CLASIFICACIÓN DECIMAL DEWEY
Número de clasificación RD862.44
Número de documento/Ítem B142t
100 1# - ENTRADA PRINCIPAL--NOMBRE DE PERSONA
Nombre de persona Báez, Rannel,
Fechas asociadas al nombre 1963-
9 (RLIN) 21853
245 10 - MENCIÓN DE TÍTULO
Título Teatra... :
Resto del título la mujer de teatro /
Mención de responsabilidad, etc. Rannel Báez.
260 ## - PUBLICACIÓN, DISTRIBUCIÓN, ETC.
Lugar de publicación, distribución, etc. San Pedro de Macorís, República Dominicana :
Nombre del editor, distribuidor, etc. UCE,
Fecha de publicación, distribución, etc. 2001.
300 ## - DESCRIPCIÓN FÍSICA
Extensión 112 p. ;
Dimensiones 23 cm.
490 1# - MENCIÓN DE SERIE
Mención de serie XX Aniversario UCE.
500 ## - NOTA GENERAL
Nota general Incluye datos biográficos del autor en la contracubierta.
586 ## - NOTA DE PREMIOS
Nota de premios Premio Nacional de Teatro de la UCE.
590 ## - NOTA LOCAL (RLIN)
Nota local Inventariado, 2019 / DG
650 #0 - PUNTO DE ACCESO ADICIONAL DE MATERIA--TÉRMINO DE MATERIA
Término de materia o nombre geográfico como elemento de entrada Teatro dominicano
9 (RLIN) 637
650 #0 - PUNTO DE ACCESO ADICIONAL DE MATERIA--TÉRMINO DE MATERIA
Término de materia o nombre geográfico como elemento de entrada Literatura dominicana.
9 (RLIN) 67
710 1# - PUNTO DE ACCESO ADICIONAL--NOMBRE DE ENTIDAD CORPORATIVA
Nombre de entidad corporativa o nombre de jurisdicción como elemento de entrada Universidad Central del Este
9 (RLIN) 37229
830 #0 - PUNTO DE ACCESO ADICIONAL DE SERIE-TÍTULO UNIFORME
Título uniforme XX Aniversario UCE.
9 (RLIN) 26855
910 ## - DATOS DE OPCIÓN DEL USUARIO (OCLC)
Datos de opción del usuario Validado. Control de calidad. EMS
Holdings
Estado de retiro Estado de pérdida Restricciones de uso No para préstamo Código de colección Localización permanente Ubicación/localización actual Ubicación en estantería Fecha de adquisición Número de inventario Total de préstamos Signatura topográfica completa Código de barras Fecha visto por última vez Número de copia Precio válido a partir de Tipo de ítem Koha
  Extraviado     Dominicana de Servicio General General Extraviado 02.02.2010 LF1   RD862.44 B142t 11278-30 25.06.2020 e. 3 25.06.2020 Libro y Folleto Colección Dominicana de Servicio
  Extraviado     Dominicana de Servicio General General Extraviado 02.02.2010 LF1   RD862.44 B142t 11278-40 25.06.2020 e. 4 25.06.2020 Libro y Folleto Colección Dominicana de Servicio
  Extraviado     Dominicana de Servicio General General Extraviado 02.02.2010 LF1   RD862.44 B142t 11278-50 25.06.2020 e. 5 25.06.2020 Libro y Folleto Colección Dominicana de Servicio
      Excluido de préstamo Patrimonio Dominicano Patrimonio Dominicano Patrimonio Dominicano Depósito 15.10.2009 LF1   RD862.44 B142t 11278-10 25.06.2020   25.06.2020 Libro y Folleto Colección Patrimonio Dominicano
      Excluido de préstamo Patrimonio Dominicano Patrimonio Dominicano Patrimonio Dominicano Depósito 15.10.2009 LF1   RD862.44 B142t 11278-20 25.06.2020 e. 2 25.06.2020 Libro y Folleto Colección Patrimonio Dominicano

Powered by Koha